Abstract linear algebra
Αποθηκεύτηκε σε:
| Κύριος συγγραφέας: | |
|---|---|
| Μορφή: | Βιβλίο |
| Γλώσσα: | English |
| Δημοσίευση: |
New York :
Springer-Verlag,
c1990
|
| Σειρά: | Universitext
|
| Θέματα: | |
| Ετικέτες: |
Προσθήκη ετικέτας
Δεν υπάρχουν, Καταχωρήστε ετικέτα πρώτοι!
|
MARC
| LEADER | 00000nam a2200000 i 4500 | ||
|---|---|---|---|
| 001 | 1/70414 | ||
| 008 | 080115s1990 eng d | ||
| 020 | |a 0-387-97263-3 | ||
| 035 | |l 10093672 | ||
| 040 | |a GR-MY-UA |b gre |e aacr | ||
| 041 | 0 | |a eng | |
| 082 | 0 | |a 512.5 |2 (22) | |
| 100 | 1 | |a Curtis, Morton Landers |d 1921- | |
| 245 | 1 | 0 | |a Abstract linear algebra / |c Morton L. Curtis ; with revisions by Paul Place |
| 260 | |a New York : |b Springer-Verlag, |c c1990 | ||
| 300 | |a x, 168 σ.; |b εικ.; |c 24 εκ. | ||
| 490 | 1 | |a Universitext | |
| 504 | |a Περιέχει βιβλιογραφικές παραπομπές (σ. 163) και ευρετήριο. | ||
| 650 | 0 | 0 | |a Algebras, Linear. |
| 700 | 1 | |a Place, Paul. |4 oth | |
| 830 | 0 | |a Universitext | |
| 852 | |a INST |b SAMOS |e 20080115 |h 512.5 CUR |p 005300027281 |q 005300027281 |t BK |y 0 | ||
| 901 | |a BIBL3-2008-1 | ||
| 909 | |a Σ |b 143501 | ||
| 922 | |a 3ΕΛΗ |b 200712 |c ΕΠΕΑΕΚ2/ΤΜΗΜΑ ΜΑΘΗΜΑΤΙΚΩΝ |d ΕΛΕΥΘΕΡΟΥΔΑΚΗΣ | ||
| 970 | |a ΣΙΤΖΙΜΗ |b ΓΙΑΣΕΜΗ |z 2008/01/15 | ||